| 000 | 00355nam a22001457a 4500 | ||
|---|---|---|---|
| 999 |
_c8922 _d8922 |
||
| 003 | GBCCL | ||
| 005 | 20241126110701.0 | ||
| 008 | 220131b ||||| |||| 00| 0 eng d | ||
| 040 | _cgbc | ||
| 082 |
_aSOU EBC _b2021 |
||
| 245 | _aEBC Saptuam tanchin tomkim | ||
| 260 |
_aSingngat: _bEBC Singngat division, _c2021 |
||
| 300 | _a260p. ; | ||
| 942 |
_2ddc _cARCH |
||